IFM Opac

COMPANY LAW (Record no. 20423)

MARC details
000 -LEADER
fixed length control field 00352nam a22001577a 4500
020 ## - INTERNATIONAL STANDARD BOOK NUMBER
International Standard Book Number 9781405811583
082 ## - DEWEY DECIMAL CLASSIFICATION NUMBER
Classification number 346.06KEE
100 ## - MAIN ENTRY--PERSONAL NAME
Personal name KEENAN,D. J
245 ## - TITLE STATEMENT
Title COMPANY LAW
250 ## - EDITION STATEMENT
Edition statement 13TH ed.
260 ## - PUBLICATION, DISTRIBUTION, ETC.
Place of publication, distribution, etc. England
Name of publisher, distributor, etc. PEARSON Longman
Date of publication, distribution, etc. 2005
300 ## - PHYSICAL DESCRIPTION
Extent xxxii,584p
Other physical details ill;22cm
500 ## - GENERAL NOTE
General note Including index
700 ## - ADDED ENTRY--PERSONAL NAME
Personal name Smith, K
942 ## - ADDED ENTRY ELEMENTS (KOHA)
Koha item type Books
Holdings
Withdrawn status Lost status Damaged status Not for loan Home library Current library Shelving location Date acquired Total Checkouts Full call number Date last seen Price effective from Koha item type
        IFM Main Campus Library IFM Main Campus Library Stack Collection 08/21/2019   346.06KEE 08/21/2019 08/21/2019 Books